000 nam a22 7a 4500
999 _c9898
_d9898
008 180208b ||||| |||| 00| 0 eng d
100 _aMaanu Graphics
_95971
245 _aLord Shiva and Lord Rama
260 _aNew Delhi
_bMaanu Publication
_c2012